| 000 | 00673nam a2200217 a 4500 | ||
|---|---|---|---|
| 003 | DO-SdBNP | ||
| 005 | 20250708144319.0 | ||
| 007 | ta | ||
| 008 | 220207e1991 dr ||||er|||| 001 pdspa d | ||
| 040 |
_aDO-SdBNP _bspa _cBNPHU |
||
| 082 | 4 |
_aRD861.44 _bB844b _222 |
|
| 100 | 1 |
_aBretón Martínez, Freddy Antonio de Jesús, _d1947- _eautor _911012 |
|
| 245 | 1 | 0 |
_aBandera de algún viento / _bFreddy Bretón. |
| 260 |
_aSanto Domingo : _bMSC, _c1991. |
||
| 300 |
_a117 p. ; _c18 cm. |
||
| 590 | _aInventariado, 2022/MFF | ||
| 650 | 1 | 4 |
_9573 _aPoesía domincana |
| 650 | 1 | 4 |
_aLiteratura domincana _925681 |
| 910 | _aMFeliz/Validado. Control de calidad MFF | ||
| 942 |
_2ddc _cLBS1 |
||
| 999 |
_c51364 _d51364 |
||